000 00793nam a2200229 4500
003 CO-ViMGA
020 _a9789585458420
040 _aCO-ViMGA
_bspa
_cCO-ViMGA
090 _aN GAR52
100 1 _aGarcía Angel, Antonio
_d 1972
_913361
245 1 0 _aDeclive
_cAntonio García Angel
260 _aBogotá
_bPenguin Random House
300 _a129 páginas
_b23 cm.
490 _aPlan Nacional de Lectura y Escritura Leer es mi Cuento / Ministerio de Cultura
500 _aIncluye datos biográficos del autor en la solapa
650 1 4 _aAutores Colombianos
_913362
650 1 4 _aLiteratura Colombiana
_ySiglo Xx
_98269
650 1 4 _aNovela Colombiana
_ySiglo Xx
_98275
650 1 4 _aObstaculos En La Literatura
_913363
650 1 4 _aVida Cotidiana En La Literatura
_98345
942 _2ddc
_cBK
999 _c8585
_d8585